000 00305nam a22001337a 4500
008 171006b xxu||||| |||| 00| 0 eng d
020 _a2901111834493
041 _aeng
080 _25 ED
_a159.9
100 _a49
101 _aPSI
245 _aABNORMAL CHILD PSYCHOLOGY
_cMASH.E.J
942 _2udc
_cBK
999 _c32212
_d32212